| 000 | 00849nam a2200253 a 4500 | ||
|---|---|---|---|
| 001 | BRCA_5622 | ||
| 005 | 20190320205145.0 | ||
| 008 | 210211t1933----mx-ab#####---#000-0#eng-# | ||
| 041 | _aeng | ||
| 044 | _amx | ||
| 050 | 4 |
_aF1386 _b.S83 1933 |
|
| 245 | 1 | 0 |
_aHornacinas _bstories of niches and corners of Mexico City _ctext and illustrations by D.N.S ; lithographs printed by Isidoro Bayardi. |
| 260 |
_aMéxico _bCultura _c1933 |
||
| 300 |
_a162 p. _bil., litografías, mapas _c31 cm. |
||
| 500 | _aIncluye ilustraciones de mapas del México antiguo | ||
| 500 | _aF100 | ||
| 650 | 1 | 4 |
_aArquitectura _zMéxico (Ciudad) _98140 |
| 650 | 1 | 4 |
_aArte _zMéxico (Ciudad) _914324 |
| 651 | 4 |
_aMéxico (Ciudad) _xDescripción _96858 |
|
| 700 | 1 |
_aD.N.S _pTexto e Ilustraciones. _914325 |
|
| 700 | 1 |
_aBayardi, Isidoro _914326 |
|
| 902 | _aGFM | ||
| 942 |
_2lcc _cB |
||
| 999 |
_c5316 _d5316 |
||